01242 a2200193 450000100040000000500170000400800410002100300150006204000400007708000590011724500610017602000220023726400340025930000250029350505360031804100080085410000370086285601490089926820260407155418.0260407a2001 arg spa dAR-UNSa-BCEJYS aAR-UNSa-BCEJYSbspacAR-UNSa-BCEJYS a347.74xContratos mercantiles (comerciales...leasing))10aPráctica en contratos de empresapcontratos clásicos a978-950-739-999-2 1aBuenos Aires :bErreparc2001 axviii, 894 p.c21 cm a1. Contrato de cesion de créditos - 2. Contrato de comisión - 3. Contrato de comodato comercial - 4. Contrato de compraventa comercial - 5. Contrato de corretaje - 6. Contrato de cuenta corriente mercantil - 7. Contrato de depósito comercial - 8. Contrato de fianza comercial - 9. Contrato de locación comercial - 10. Contrato de mandato comercial - 11. Contrato de mutuo comercial - 12. Contrato de prenda comercial - 13. Contrato de seguro - 14. Contrato de transferencia de fondo de comercio - 15. Contrato de transporte aspa1 aFavier Dubois, Eduardo Mario (h)41uhttps://biblioeco.unsa.edu.ar/pmb/images/libros/Practica en contratos de empresas-contratos clasicos2-l117462.jpgyImagen de portadaqimage/jpeg